000 00376pab a2200133 454500
008 180718b xxu||||| |||| 00| 0 eng d
100 _aJacob, Jose
245 _aEnergy policy and industrialisation of Kerala.
650 _a Energy Resources - Policy
650 _a Electricity
650 _aEnergy Resources - Policy - India - Kerala
773 _aISDA Journal
909 _a22985
999 _c22985
_d22985